| 000 | 01491nam0a22003011 4500 | ||
|---|---|---|---|
| 001 | rc\3010981 | ||
| 005 | 20200721131927.0 | ||
| 035 | _a(NLR Aleph) 007153509 | ||
| 090 |
_a7176073 _c7176073 |
||
| 100 | _a20080901d1935 |||y0rusy50 ca | ||
| 101 | 0 | _arus | |
| 102 | _aRU | ||
| 105 | _aab z ||||y | ||
| 200 | 1 |
_aМаляриеподобные заболевания детей Казахского района _e(Висцеральный лейшманиоз) _fд-р Н.А. Богоявленский в сотрудничестве с Т.А. Меликовой и А.Я. Демидовой _gИзд. центр. дома сан. культ. Нар. ком. здравоохранения АССР |
|
| 210 |
_aБаку _cАзернешр. Отд. массовой литературы _d1935 |
||
| 215 |
_a109, [3] с. _cил., табл., карт. _d21 см |
||
| 300 | _aНа обл.: предисл. проф. Всесоюзного ин-та эксперим. мед. П.Ф. Здродовского | ||
| 320 | _aБиблиогр.: "Библиография" (199 назв.) | ||
| 700 | 1 |
_aБогоявленский _bН. А. _f1896-1973 _gНиколай Алексеевич _3RU\NLR\AUTH\770218622 |
|
| 702 | 1 |
_aМеликова _bТ. А. _4570 |
|
| 702 | 1 |
_aДемидова _bА. Я. _4570 |
|
| 702 | 1 |
_aЗдродовский _bП. Ф. _4080 |
|
| 801 | 0 |
_aRU _bNLR _gpsbo |
|
| 801 | 1 |
_aRU _bELAR _2rusmarc |
|
| 852 |
_aNLR _j35-4/1891 |
||
| 942 | _cBOOK | ||
| 980 | _aNB | ||